Recall lapse in demographic enquiries (Record no. 183)

MARC details
000 -LEADER
fixed length control field 00385nam a2200145Ia 4500
020 ## - INTERNATIONAL STANDARD BOOK NUMBER
ISBN 0-210-98167-9
082 ## - DEWEY DECIMAL CLASSIFICATION NUMBER
Classification number 304.60973 SOM-;
100 ## - MAIN ENTRY--AUTHOR NAME
Personal name Som, Ranjan Kumar
245 #0 - TITLE STATEMENT
Title Recall lapse in demographic enquiries
260 ## - PUBLICATION, DISTRIBUTION, ETC. (IMPRINT)
Place of publication Bombay
Name of publisher Asia Publishing
Year of publication 1973
300 ## - PHYSICAL DESCRIPTION
Number of Pages 212p.
650 ## - SUBJECT ADDED ENTRY--TOPICAL TERM
Topical Term United States - Population
650 ## - SUBJECT ADDED ENTRY--TOPICAL TERM
Topical Term Social sciences - Statistical methods
942 ## - ADDED ENTRY ELEMENTS (KOHA)
Koha item type Books
Holdings
Withdrawn status Lost status Damaged status Not for loan Home library Current library Date acquired Full call number Accession Number Price effective from Koha item type
        NASSDOC Library NASSDOC Library 08/06/2004 304.60973 SOM-; 6002 18/04/2019 Books